000 00396nam a2200145Ia 4500
005 20250616002642.0
008 240331s9999 xx 000 0 und d
082 _bWIJ
_a305
100 _aWijesinghe, P.R.H.
245 0 _aUdarat pavula hena saha arthikaya
260 _aMoratuwa
_bThodangoda & Samagama
300 _a112 p .,
500 _aA Book of Upcountry family chena & Economy
942 _cL
999 _c2064
_d2064